| 000 | 00345nam a2200145Ia 4500 | ||
|---|---|---|---|
| 008 | 230917s9999||||xx |||||||||||||| ||und|| | ||
| 040 |
_e111332 _aMAIN |
||
| 041 | _aEnglish | ||
| 082 | _a613.7 L159C | ||
| 100 | _aLalvani, Vimla | ||
| 245 | 0 | _aComplete book ok yoga | |
| 260 |
_aLondon _bOctopus Pub. _c1999 |
||
| 300 | _a280 p. | ||
| 942 | _cBK | ||
| 999 |
_c140948 _d140948 |
||